An ethnography of knowledge : (Record no. 118086)
[ view plain ]
| 000 -LEADER | |
|---|---|
| fixed length control field | 01617cam a22003614a 4500 |
| 001 - CONTROL NUMBER | |
| control field | 15044384 |
| 003 - CONTROL NUMBER IDENTIFIER | |
| control field | ARRUPE |
| 005 - DATE AND TIME OF LATEST TRANSACTION | |
| control field | 20130926131738.0 |
| 008 - FIXED-LENGTH DATA ELEMENTS--GENERAL INFORMATION | |
| fixed length control field | 071015s2008 ne ab b 001 0 eng |
| 010 ## - LIBRARY OF CONGRESS CONTROL NUMBER | |
| LC control number | 2007042034 |
| 020 ## - INTERNATIONAL STANDARD BOOK NUMBER | |
| International Standard Book Number | 9789004161689 (pbk. : alk. paper) |
| 040 ## - CATALOGING SOURCE | |
| Original cataloging agency | DLC |
| Transcribing agency | DLC |
| Modifying agency | DLC |
| 043 ## - GEOGRAPHIC AREA CODE | |
| Geographic area code | f-rh--- |
| 050 00 - LIBRARY OF CONGRESS CALL NUMBER | |
| Classification number | GN657.R5 |
| Item number | M83 2008 |
| 300 ## - PHYSICAL DESCRIPTION | |
| Other physical details | ill., maps ; |
| Dimensions | 24 cm. |
| 100 1# - MAIN ENTRY--PERSONAL NAME | |
| Personal name | Mudege, Netsayi Noris. |
| 9 (RLIN) | 1408 |
| 245 13 - TITLE STATEMENT | |
| Title | An ethnography of knowledge : |
| Remainder of title | the production of knowledge in Mupfurudzi resettlement scheme, Zimbabwe / |
| Statement of responsibility, etc | by Netsayi Noris Mudege. |
| 260 ## - PUBLICATION, DISTRIBUTION, ETC. (IMPRINT) | |
| Place of publication, distribution, etc | Leiden ; |
| -- | Boston : |
| Name of publisher, distributor, etc | Brill, |
| Date of publication, distribution, etc | c2008. |
| 300 ## - PHYSICAL DESCRIPTION | |
| Extent | xi, 238 p. : |
| 490 0# - SERIES STATEMENT | |
| Series statement | Afrika-Studiecentrum series, |
| Volume number/sequential designation | v. 2 |
| 504 ## - BIBLIOGRAPHY, ETC. NOTE | |
| Bibliography, etc | Includes bibliographical references (p. [221]-234) and index. |
| 650 #0 - SUBJECT ADDED ENTRY--TOPICAL TERM | |
| Topical term or geographic name as entry element | Ethnoscience |
| Geographic subdivision | Zimbabwe |
| -- | Shamva District. |
| 9 (RLIN) | 1409 |
| 650 #0 - SUBJECT ADDED ENTRY--TOPICAL TERM | |
| Topical term or geographic name as entry element | Human settlements |
| Geographic subdivision | Zimbabwe |
| -- | Shamva District. |
| 9 (RLIN) | 1410 |
| 650 #0 - SUBJECT ADDED ENTRY--TOPICAL TERM | |
| Topical term or geographic name as entry element | Land settlement |
| Geographic subdivision | Zimbabwe |
| -- | Shamva District. |
| 9 (RLIN) | 1411 |
| 650 #0 - SUBJECT ADDED ENTRY--TOPICAL TERM | |
| Topical term or geographic name as entry element | Traditional farming |
| Geographic subdivision | Zimbabwe |
| -- | Shamva District. |
| 9 (RLIN) | 1412 |
| 650 #0 - SUBJECT ADDED ENTRY--TOPICAL TERM | |
| Topical term or geographic name as entry element | Traditional ecological knowledge |
| Geographic subdivision | Zimbabwe |
| -- | Shamva District. |
| 9 (RLIN) | 1413 |
| 651 #0 - SUBJECT ADDED ENTRY--GEOGRAPHIC NAME | |
| Geographic name | Shamva District (Zimbabwe) |
| General subdivision | Social policy. |
| 9 (RLIN) | 1414 |
| 651 #0 - SUBJECT ADDED ENTRY--GEOGRAPHIC NAME | |
| Geographic name | Shamva District (Zimbabwe) |
| General subdivision | Economic policy. |
| 9 (RLIN) | 1415 |
| 710 2# - ADDED ENTRY--CORPORATE NAME | |
| Corporate name or jurisdiction name as entry element | Rijksuniversiteit te Leiden. |
| Subordinate unit | Afrika-Studiecentrum. |
| 9 (RLIN) | 1416 |
| 856 41 - ELECTRONIC LOCATION AND ACCESS | |
| Materials specified | Table of contents only |
| Uniform Resource Identifier | <a href="http://www.loc.gov/catdir/toc/fy0803/2007042034.html">http://www.loc.gov/catdir/toc/fy0803/2007042034.html</a> |
| 906 ## - LOCAL DATA ELEMENT F, LDF (RLIN) | |
| a | 7 |
| b | cbc |
| c | orignew |
| d | 1 |
| e | ecip |
| f | 20 |
| g | y-gencatlg |
| 942 ## - ADDED ENTRY ELEMENTS (KOHA) | |
| Source of classification or shelving scheme | Library of Congress Classification |
| Koha item type | Monograph ( Printed materials) |
| Withdrawn status | Lost status | Source of classification or shelving scheme | Damaged status | Not for loan | Collection code | Home library | Current library | Shelving location | Date acquired | Total Checkouts | Full call number | Barcode | Date last seen | Date checked out | Price effective from | Koha item type |
|---|---|---|---|---|---|---|---|---|---|---|---|---|---|---|---|---|
| Library of Congress Classification | Main Collection | ARRUPE LIBRARY | ARRUPE LIBRARY | Main Collection | 26/09/2013 | 1 | GN657.R5 M83 2008 | 46411203 | 09/04/2018 | 30/11/2017 | 26/09/2013 | Monograph ( Printed materials) |